LEADER 00766nam0-22002891i-450- 001 990002028340403321 005 20090312133527.0 035 $a000202834 035 $aFED01000202834 035 $a(Aleph)000202834FED01 035 $a000202834 100 $a20030910d1980----km-y0itay50------ba 101 0 $aita 102 $aIT 200 1 $aApicoltura pratica mediterranea$fElio Bailo 210 $aMilano$cOttaviano$d1980 215 $a151 p.$d24 cm 610 0 $aApicoltura 676 $a595.799 700 1$aBailo,$bElio$086138 801 0$aIT$bUNINA$gRICA$2UNIMARC 901 $aBK 912 $a990002028340403321 952 $a61 XIV D.6/094$b4826 (12/07/82)$fDAGEN 959 $aDAGEN 996 $aApicoltura pratica mediterranea$9404789 997 $aUNINA LEADER 02266nam 2200385 450 001 9910688426903321 005 20230629173615.0 035 $a(CKB)5400000000040783 035 $a(NjHacI)995400000000040783 035 $a(EXLCZ)995400000000040783 100 $a20230629d2020 uy 0 101 0 $aeng 135 $aur||||||||||| 181 $ctxt$2rdacontent 182 $cc$2rdamedia 183 $acr$2rdacarrier 200 00$aThermosoftening plastics /$fedited by Gu?ls?en Ak?n Evingu?r, O?nder Pekcan, Dimitris S. Achilias 210 1$aLondon :$cIntechOpen,$d[2020] 210 4$dİ2020 215 $a1 online resource (124 pages) $cillustrations 311 $a1-83880-614-8 320 $aIncludes bibliographical references. 330 $aThermosoftening Plastics are polymers that can be manipulated into different shapes when they are hot, and the shape sets when it cools. If we were to reheat the polymer again, we could re-shape it once again. Modern thermosoftening plastics soften at temperatures anywhere between 65 oC and 200 oC. In this state, they can be moulded in a number of ways. They differ from thermoset plastics in that they can be returned to this plastic state by reheating. They are then fully recyclable because thermosoftening plastics do not have covalent bonds between neighbouring polymer molecules. Methods of shaping the softened plastic include: injection moulding, rotational moulding, extrusion, vacuum forming, and compression moulding. The scope of this book covers three areas of thermosoftening plastics, thermoplastic materials, and their characterization. The following tests are covered in the book: thermal analysis (differential scanning calorimetry, heat deflection temperature test), optical properties tests (fluorescence spectroscopy, UV spectroscopy), and mechanical properties tests (thermogravimetry, rheometry, short term tensile test). 606 $aThermoplastics 615 0$aThermoplastics. 676 $a668.423 702 $aEvingur$b Gulsen Akin 702 $aPekcan$b O?nder 702 $aAchilias$b Dimitris S. 801 0$bNjHacI 801 1$bNjHacl 906 $aBOOK 912 $a9910688426903321 996 $aThermosoftening Plastics$92211032 997 $aUNINA LEADER 06981oam 22014414 450 001 9910961690503321 005 20250426110846.0 010 $a9781484377758 010 $a1484377753 010 $a9781498385763 010 $a1498385761 035 $a(CKB)2670000000603006 035 $a(EBL)1996980 035 $a(SSID)ssj0001493024 035 $a(PQKBManifestationID)11859310 035 $a(PQKBTitleCode)TC0001493024 035 $a(PQKBWorkID)11507058 035 $a(PQKB)11334116 035 $a(MiAaPQ)EBC1996980 035 $a(Au-PeEL)EBL1996980 035 $a(CaPaEBR)ebr11035755 035 $a(CaONFJC)MIL753270 035 $a(OCoLC)905997655 035 $a(IMF)1GINEA2015001 035 $a1GINEA2015001 035 $a(EXLCZ)992670000000603006 100 $a20020129d2015 uf 0 101 0 $aeng 135 $aur|n|---||||| 181 $ctxt 182 $cc 183 $acr 200 10$aGuinea : $eFifth Review Under the Three-Year Arrangement Under the Extended Credit Facility, Financing Assurances Review, and Requests for an Augmentation of Access and Extension of the Current Arrangement 205 $a1st ed. 210 1$aWashington, D.C. :$cInternational Monetary Fund,$d2015. 215 $a1 online resource (109 p.) 225 1 $aIMF Staff Country Reports 300 $a"February 2015." 311 08$a9781498309561 311 08$a1498309569 311 08$a9781336219847 311 08$a133621984X 327 $aCover; CONTENTS; RECENT DEVELOPMENTS AND PROGRAM IMPLEMENTATION; BOXES; 1. Recent Data on the Ebola Epidemic; FIGURES; 1. 2014 GDP Growth Projections; 2. Economic Overview, 2013-15; 3. Fiscal Sector Developments, 2013-14; ECONOMIC OUTLOOK AND POLICY DISCUSSIONS FOR 2015; A. Economic Outlook and Risks; B. Fiscal Policy; C. Monetary and Exchange Rate Policies; D. Structural Reform; E. Poverty Reduction Strategy; 2. First Annual Progress Report on PRSP Implementation; PROGRAM MONITORING, FINANCING, AND RISKS; STAFF APPRAISAL; TABLES; 1. Key Economic and Financial Indicators, 2013-17 327 $a2a. Fiscal Operations of the Central Government, 2013-17 (Billions of Guinean Francs)2b. Fiscal Operations of the Central Government, 2013-17 (Percent of GDP); 2c. Fiscal Operations of the Central Government, 2013-15; 3a Central Bank and Deposit Money Banks Accounts, 2013-15; 3b. Monetary Survey, 2013-15; 4. Balance of Payments, 2013-17; 5. Performance Criteria and Indicative Targets, 2014-15; 6. Banking Sector Key Economic and Financial Soundness Indicators, 2010-14; 7. External Financing Requirements and Sources, 2013-15; 8. Indicators of Capacity to Repay the IMF, 2014-25 327 $a9a. Original Schedule of Disbursements and Timing of Reviews Under the ECF Arrangement, 2012-159b. Proposed Schedule of Disbursements and Timing of Reviews Under the ECF Arrangement, 2012-15; 10. Risk Assessment Matrix; APPENDIX; I. Letter of Intent; Attachment I. Fifth Supplement to the Memorandum on Economic and Financial Policies; Attachment II. Technical Memorandum of Understanding; CONTENTS; RELATIONS WITH THE FUND; JOINT WORLD BANK-FUND MATRIX; RELATIONS WITH THE AFRICAN DEVELOPMENT BANK, 2011-13; MILLENNIUM DEVELOPMENT GOALS; STATISTICAL ISSUES 330 3 $aThis paper discusses Guinea?s Fifth Review Under the Three-Year Arrangement Under the Extended Credit Facility (ECF), Financing Assurances Review, and Requests for an Augmentation of Access and Extension of Current Arrangement. Performance under the ECF program has been satisfactory. All quantitative performance criteria have been met. Macroeconomic policies in 2015 will remain supportive to help deal with the Ebola outbreak. The IMF staff supports the completion of the fifth review under the ECF arrangement and financing assurances review and requests for an extension of the current arrangement to end-2015, an augmentation in access, and disbursement of 25 percent of quota as budget support under the 5th review. 410 0$aIMF Staff Country Reports; Country Report ;$vNo. 2015/039 606 $aAccounting$zGuinea 606 $aBanks and Banking$2imf 606 $aExports and Imports$2imf 606 $aPublic Finance$2imf 606 $aNatural Resource Extraction$2imf 606 $aDiseases: Respiratory$2imf 606 $aMacroeconomics$2imf 606 $aInternational Lending and Debt Problems$2imf 606 $aHealth Behavior$2imf 606 $aDebt$2imf 606 $aDebt Management$2imf 606 $aSovereign Debt$2imf 606 $aNational Government Expenditures and Related Policies: General$2imf 606 $aIndustry Studies: Primary Products and Construction: General$2imf 606 $aGeneral Aggregative Models: General$2imf 606 $aInternational economics$2imf 606 $aPublic finance & taxation$2imf 606 $aInfectious & contagious diseases$2imf 606 $aBanking$2imf 606 $aExtractive industries$2imf 606 $aBudgeting & financial management$2imf 606 $aExternal debt$2imf 606 $aEbola$2imf 606 $aPublic debt$2imf 606 $aPublic financial management (PFM)$2imf 606 $aMining sector$2imf 606 $aHealth$2imf 606 $aNational accounts$2imf 606 $aDebts, External$2imf 606 $aEbola virus disease$2imf 606 $aDebts, Public$2imf 606 $aFinance, Public$2imf 606 $aMineral industries$2imf 606 $aBudget$2imf 607 $aGuinea$xEconomic conditions 607 $aGuinea$2imf 615 0$aAccounting 615 7$aBanks and Banking 615 7$aExports and Imports 615 7$aPublic Finance 615 7$aNatural Resource Extraction 615 7$aDiseases: Respiratory 615 7$aMacroeconomics 615 7$aInternational Lending and Debt Problems 615 7$aHealth Behavior 615 7$aDebt 615 7$aDebt Management 615 7$aSovereign Debt 615 7$aNational Government Expenditures and Related Policies: General 615 7$aIndustry Studies: Primary Products and Construction: General 615 7$aGeneral Aggregative Models: General 615 7$aInternational economics 615 7$aPublic finance & taxation 615 7$aInfectious & contagious diseases 615 7$aBanking 615 7$aExtractive industries 615 7$aBudgeting & financial management 615 7$aExternal debt 615 7$aEbola 615 7$aPublic debt 615 7$aPublic financial management (PFM) 615 7$aMining sector 615 7$aHealth 615 7$aNational accounts 615 7$aDebts, External 615 7$aEbola virus disease 615 7$aDebts, Public 615 7$aFinance, Public 615 7$aMineral industries 615 7$aBudget 676 $a332.1/532 801 0$bDcWaIMF 906 $aBOOK 912 $a9910961690503321 996 $aGuinea$94351365 997 $aUNINA